Crisis del cooperativismo financiero en Colombia, 1996-1998.

Guardado en:
Bibliografiske detaljer
Hovedforfatter: Padilla Piraquive, Martha Rocío (autor)
Andre forfattere: Atehortüa Cruz, Adolfo León (autor) (autor)
Format: Bog
Sprog:spansk
Fag:
Tags: Tilføj Tag
Ingen Tags, Vær først til at tagge denne postø!

MARC

LEADER 00000nam^a2200000^u^4500
001 000495597
005 20250521000000.0
008 121205s1000^^^^^^^^^^^^r^^^^^000^0^eng^d
009 20260526150908.388
022 |a 9588226465 
035 |a FCE 000039004 
037 |a Acervo ITESO - Biblioteca 
041 |a spa 
082 0 4 |a 331.88  |b PADc 
100 |a Padilla Piraquive, Martha Rocío  |e (autor) 
245 1 0 |a Crisis del cooperativismo financiero en Colombia, 1996-1998. 
264 |a Bogotá :  |b UPN,  |c 2005. 
300 |a 151 p. 
336 |a texto  |b txt  |2 rdacontenido 
337 |a sin mediación  |b n  |2 rdamedio 
338 |a volumen  |b nc  |2 rdasoporte 
649 |a XX 
650 |a Cooperativismo 
650 |a Colombia 
700 |a Atehortüa Cruz, Adolfo León  |e (autor) 
910 |a Fondo Centro de Estudios Educativos 
920 |a Impresos - Libros 
930 |a Fondos Especiales 
905 |a 133 
901 |a ALE039053  |b IT2  |c CEE  |u 20250521 
902 |a https://opac.biblio.iteso.mx/vufind/Record/000495597